000 00683nam a22001577a 4500
003 OSt
005 20150923094900.0
008 150923b xxu||||| |||| 00| 0 eng d
040 _cRUA
082 _aAGR BRA 2007 B048 Or.1
100 _91151
_aBRAK, LIMHEANG.
245 _aEffect of mulching on bunching onion at crop station of royal university of agriculture ឥទ្ធិពលនៃគំរបទៅលើដំណាំខឺ្ឬមស្លឺកនៅស្ថានីយ៏ដំណាំនៃសាកលវិទ្យាល័យភូមិន្ឬកសិកម្ម
260 _aPhnom Penh
_bRUA
_c2007
300 _axvi, 49p.
_bill.
_c29cm.
942 _2ddc
_cAGR
999 _c1103
_d1103